Minimalist Cartoons Quiz Stats

Quiz Updated Feb 9, 2017

Challenge
Share
Tweet
Score 0/15 Timer 05:00
2 Plays Today
% Correct
The Simpsons
98.6%
South Park
97.4%
Despicable Me
96.5%
SpongeBob SquarePants
90.9%
Snow White and the Seven Dwarfs
89.1%
Scooby-Doo
85.4%
The Powerpuff Girls
82.4%
Monsters, Inc.
77%
% Correct
The Little Mermaid
71.9%
Dora the Explorer
68.2%
Adventure Time
63%
Shrek
60.3%
Inside Out
56.2%
Rick and Morty
38.4%
Wreck-It Ralph
30.7%

You're not logged in!

Compare scores with friends on all Sporcle quizzes.
Join for Free
OR
Log In

You Might Also Like...

Show Comments

Extras

Top Quizzes Today


Score Distribution

Your Account Isn't Verified!

In order to create a playlist on Sporcle, you need to verify the email address you used during registration. Go to your Sporcle Settings to finish the process.

Report this User

Report this user for behavior that violates our Community Guidelines.

Details: